Trouvez le groupe de rock à partir d'un titre - Statistiques

Statistiques générales
  • Ce quiz a été pris 88 fois
    68 depuis la dernière actualisation
  • Le résultat moyen est 11 sur 20
Statistiques - réponses
Titre Groupe de rock % Correct
Highway to Hell AC/DC
96%
Killer Queen Queen
95%
I Was Made For Lovin' You KISS
89%
Lithium Nirvana
79%
With Or Without You U2
77%
(I Can't Get No) Satisfaction The Rolling Stones
75%
Losing My Religion R.E.M
74%
Boys Don't Cry The Cure
67%
Bitter Sweet Symphony The Verve
58%
Everlong Foo Fighters
53%
Scar Tissue Red Hot Chili Peppers
51%
The Chain Fleetwood Mac
49%
Live Forever Oasis
40%
Fake Plastic Trees Radiohead
39%
You're Gonna Go Far, Kid The Offspring
39%
Fluorescent Adolescent The Arctic Monkeys
35%
Undisclosed Desires Muse
28%
Dog Days Are Over Florence + The Machine
18%
All I Think About Now Pixies
18%
How Soon Is Now? The Smiths
18%
Aucun quiz correspondant
Distribution des résultats
% des personnes avec chaque résultat
Percentile par nombre de réponses
Votre historique - résultats
Vous n’avez pas pris ce quiz depuis la dernière actualisation